<?xml version="1.0" encoding="UTF-8"?>
<record
    xmlns:xsi="http://www.w3.org/2001/XMLSchema-instance"
    xsi:schemaLocation="http://www.loc.gov/MARC21/slim http://www.loc.gov/standards/marcxml/schema/MARC21slim.xsd"
    xmlns="http://www.loc.gov/MARC21/slim">

  <leader>00775nam a2200217Ia 4500</leader>
  <controlfield tag="005">20241129105918.0</controlfield>
  <controlfield tag="008">241129s9999||||xx |||||||||||||| ||und||</controlfield>
  <datafield tag="020" ind1=" " ind2=" ">
    <subfield code="a">978-93-94902-73-2 </subfield>
  </datafield>
  <datafield tag="037" ind1=" " ind2=" ">
    <subfield code="a">TB</subfield>
  </datafield>
  <datafield tag="040" ind1=" " ind2=" ">
    <subfield code="a">ARTS</subfield>
    <subfield code="b">hin</subfield>
    <subfield code="c">ARTS</subfield>
  </datafield>
  <datafield tag="041" ind1=" " ind2=" ">
    <subfield code="a">hin</subfield>
    <subfield code="2">hin</subfield>
  </datafield>
  <datafield tag="084" ind1=" " ind2=" ">
    <subfield code="a">O152,3M80:g R2</subfield>
    <subfield code="q">ARTS</subfield>
  </datafield>
  <datafield tag="100" ind1=" " ind2=" ">
    <subfield code="a">&#x928;&#x930;&#x935;&#x923;&#x947;, &#x935;&#x93F;&#x936;&#x94D;&#x935;&#x928;&#x93E;&#x925; &#x90F;&#x938;., &#x932;&#x947;.</subfield>
    <subfield code="9">726646</subfield>
  </datafield>
  <datafield tag="245" ind1=" " ind2="0">
    <subfield code="a">&#x92A;&#x94D;&#x930;&#x947;&#x92E;&#x91A;&#x928;&#x94D;&#x926;: &#x91C;&#x940;&#x935;&#x928; &#x914;&#x930; &#x938;&#x943;&#x91C;&#x928;</subfield>
    <subfield code="c">&#x928;&#x930;&#x935;&#x923;&#x947;, &#x935;&#x93F;&#x936;&#x94D;&#x935;&#x928;&#x93E;&#x925; &#x90F;&#x938;., &#x932;&#x947;.</subfield>
  </datafield>
  <datafield tag="260" ind1=" " ind2=" ">
    <subfield code="a">&#x928;&#x908; &#x926;&#x93F;&#x932;&#x94D;&#x932;&#x940;, &#x92D;&#x93E;&#x930;&#x924;</subfield>
    <subfield code="b">&#x930;&#x93E;&#x91C;&#x915;&#x92E;&#x932; &#x92A;&#x94D;&#x930;&#x915;&#x93E;&#x936;&#x928;</subfield>
    <subfield code="c">2022</subfield>
  </datafield>
  <datafield tag="300" ind1=" " ind2=" ">
    <subfield code="a">302&#x92A;&#x943;0</subfield>
  </datafield>
  <datafield tag="365" ind1=" " ind2=" ">
    <subfield code="a">INR</subfield>
    <subfield code="b">995</subfield>
  </datafield>
  <datafield tag="650" ind1=" " ind2=" ">
    <subfield code="a">Hindi Fiction</subfield>
  </datafield>
  <datafield tag="942" ind1=" " ind2=" ">
    <subfield code="c">TB</subfield>
    <subfield code="h">O152,3M80:g R2</subfield>
  </datafield>
  <datafield tag="999" ind1=" " ind2=" ">
    <subfield code="c">1226550</subfield>
    <subfield code="d">1226550</subfield>
  </datafield>
  <datafield tag="952" ind1=" " ind2=" ">
    <subfield code="0">0</subfield>
    <subfield code="1">0</subfield>
    <subfield code="4">0</subfield>
    <subfield code="7">0</subfield>
    <subfield code="a">ARTS</subfield>
    <subfield code="b">ARTS</subfield>
    <subfield code="d">2024-11-29</subfield>
    <subfield code="e">Nayee Kitab Prakashan</subfield>
    <subfield code="g">995.00</subfield>
    <subfield code="i">1458/22-23 &amp; 17/02/2023</subfield>
    <subfield code="l">0</subfield>
    <subfield code="o">O152,3M80:g R2</subfield>
    <subfield code="p">AL1667583</subfield>
    <subfield code="r">2024-11-29 10:59:18</subfield>
    <subfield code="w">2024-11-29</subfield>
    <subfield code="y">TB</subfield>
  </datafield>
</record>
